| 000 | 00674nam a22002295i 4500 | ||
|---|---|---|---|
| 001 | 172038 | ||
| 003 | ES-MaACL | ||
| 005 | 20250829112202.0 | ||
| 008 | 090612s1973 sp |||| | spa d | ||
| 080 | _a297 | ||
| 100 | 1 |
_aSourdel, Dominique. _9107571 |
|
| 245 | 1 | 3 |
_aEl Islam / _cpor Dominique Sourdel ; [traducción de Dolors Bramon]. |
| 250 | _a[1ª ed.]. | ||
| 260 |
_aBarcelona : _bOikos, _c[1973] |
||
| 300 |
_a125 p. ; _c18 cm. |
||
| 490 | 1 |
_a¿Qué se? ; _v95 |
|
| 650 | 1 | 7 |
_aIslamismo _2embne _913903 |
| 700 | 1 |
_aBramon, Dolors. _9140642 |
|
| 830 | 0 |
_a¿Qué sé? _v95 _9181382 |
|
| 852 |
_aES-MaACL _jC-53506 _9R.85994 |
||
| 999 |
_c172038 _d172038 |
||